Kontrola kvality větroměrných dat ve staniční síti v České republice v roce 1989 = Wind Data Quality Check in the Station Network of the Czech Republic in 1989 /

Hlavní autor: Sobíšek, Bořivoj, 1933-
Jazyk: Čeština
Vydáno: Praha : Český hydrometeorologický ústav, 1992
Vydání: 1. vyd.
Edice: Národní klimatický program ČSFR
Témata:
Fyzický popis: 62 s. : tab., grafy ; 30 cm
Language note: Anglické resumé
Knihy
Uloženo v:
LEADER 01647nam a22004452a 4500
001 000892398
003 CZ BrMZK
005 20080409103604.0
007 ta
008 080409s1992 xr er|||||||||||cze d
015 |a cnb000074435 
020 |a 80-901262-3-5  |q (brož.) 
035 |a (OCoLC)39580612 
040 |a ABA001  |b cze 
043 |a e-xr--- 
045 |a x8x8 
072 7 |a 551  |x Geologie. Meteorologie. Klimatologie  |2 Konspekt  |9 7 
080 |a 551.55  |2 MRF 
080 |a 551.506  |2 MRF 
080 |a 551.501.9  |2 MRF 
080 |a (437.3)  |2 MRF 
080 |a (048.8)  |2 MRF 
100 1 |a Sobíšek, Bořivoj,  |d 1933-  |7 mzk2006337335  |4 aut 
245 1 0 |a Kontrola kvality větroměrných dat ve staniční síti v České republice v roce 1989 =  |b Wind Data Quality Check in the Station Network of the Czech Republic in 1989 /  |c Bořivoj Sobíšek 
246 3 1 |a Wind Data Quality Check in the Station Network of the Czech Republic in 1989 
250 |a 1. vyd. 
260 |a Praha :  |b Český hydrometeorologický ústav,  |c 1992 
300 |a 62 s. :  |b tab., grafy ;  |c 30 cm 
490 1 |a Národní klimatický program ČSFR ;  |v Sv. 5 
546 |a Anglické resumé 
500 |a 500 výt. 
650 0 7 |a vítr  |7 ph127399  |2 czenas 
650 0 7 |a meteorologická pozorování  |7 ph122777  |z Česko  |y 1989  |2 czenas 
650 0 7 |a meteorologické stanice  |7 ph115268  |z Česko  |2 czenas 
655 7 |a přehledy  |7 fd133202  |2 czenas 
830 0 |a Národní klimatický program ČSFR  |0 s 
910 |a BOA001  |b 4-0988.275 
990 |a BK 
991 |b 200804 
996 7 |b 2619074165  |c 4-0988.275  |l MZK  |r Sklad / do 1 hodiny  |n 1  |w 000892398  |u 000010  |a 1  |e BOA001  |j MZK50  |s A